Pagan visions for a sustainable future (Record no. 24193)

MARC details
000 -LEADER
fixed length control field 00583nam a2200181Ia 4500
005 - DATE AND TIME OF LATEST TRANSACTION
control field 20250415121559.0
008 - FIXED-LENGTH DATA ELEMENTS--GENERAL INFORMATION
fixed length control field 231207s9999 xx 000 0 und d
020 ## - INTERNATIONAL STANDARD BOOK NUMBER
International Standard Book Number 9780738708249
040 ## - CATALOGING SOURCE
Transcribing agency NCA Library
082 ## - DEWEY DECIMAL CLASSIFICATION NUMBER
Classification number 292
Item number PAG
100 ## - MAIN ENTRY--PERSONAL NAME
Author Name Angeles, Ly De (Editor) ... [et al.]
245 #0 - TITLE STATEMENT
Title Pagan visions for a sustainable future
Statement of responsibility, etc. Edited by Ly De Angeles... [et al.]
260 ## - PUBLICATION, DISTRIBUTION, ETC.
Name of publisher, distributor, etc. Llewellyn Publications
Place of publication, distribution, etc. Woodbury, Minnesota
Date of publication, distribution, etc. 2005
300 ## - PHYSICAL DESCRIPTION
Pages xxi, 282p
546 ## - LANGUAGE NOTE
Language note English
650 ## - SUBJECT ADDED ENTRY--TOPICAL TERM
Subject Paganism, Religious ethics, Human ecology--Religious aspects
942 ## - ADDED ENTRY ELEMENTS (KOHA)
Koha item type M. Phil.
999 ## -
-- 24193
-- 24193
Holdings
Withdrawn status Weedout from Library Permanent Location Current Location Shelving location Date acquired Full call number Barcode Price effective from Koha item type
    NATIONAL COLLEGE OF ARTS, LAHORE - LIBRARY NATIONAL COLLEGE OF ARTS, LAHORE - LIBRARY M.Phil Section Basement of Library 08/12/2023 292 PAG 28536 28536 08/12/2023 M. Phil.